LIBRARY & INFORMATION CENTRE, KCAET, TAVANUR

ONLINE PUBLIC ACCESS CATALOGUE (OPAC)

Genetics and breeding at rice / (Record no. 2024)

MARC details
000 -LEADER
fixed length control field 00432cam a2200181ua 4500
041 ## - LANGUAGE CODE
Language code of text/sound track or separate title eng
082 ## - DEWEY DECIMAL CLASSIFICATION NUMBER
Classification number 581.15
Item number CHA/GE
100 ## - MAIN ENTRY--AUTHOR NAME
Personal name Chandraratna, M F .
245 ## - TITLE STATEMENT
Title Genetics and breeding at rice /
250 ## - EDITION STATEMENT
Edition statement 1 /
260 ## - PUBLICATION, DISTRIBUTION, ETC. (IMPRINT)
Place of publication :
Name of publisher Longmans ,
Year of publication 1964.
300 ## - PHYSICAL DESCRIPTION
Number of Pages 389 ; .
942 ## - ADDED ENTRY ELEMENTS (KOHA)
Koha item type Books
Holdings
Withdrawn status Lost status Damaged status Home library Current library Date acquired Full call number Accession Number Koha item type
      KAUAET KAUAET 07/04/2012 581.15 CHA/GE 12610 Books
free website counter